000 00935nam a2200265 i 4500
003 DO-SdBNP
005 20250206125312.0
007 ta
008 110617s2005 dr ao 000 0 spa d
040 _aDO-SdBNP
_bspa
_cBNPHU
_erda
082 _222
_a361.3
_bF981m
110 _aFundación Sur Futuro (República Dominicana)
_984818
245 1 0 _aabriendo surcos de esperanza :
_bmemoria 2005 /
264 1 _aSanto Domingo :
_bSur Futuro,
_c[2005].
300 _a[46] páginas
_bilustraciones, retratos
_c32 cm.
336 _2rdacontent
_atexto
_btxt
337 _2rdamedia
_asin mediación
_bn
338 _2rdacarrier
_avolumen
_bnc
650 _aFundaciones benéficas
_zRepública Dominicana
_984819
650 _aProtección del medio ambiente
_zRepública Dominicana
650 0 _aDesarrollo social
_zRepública Dominicana
_97783
650 _aTrabajo social
_zRepública Dominicana
_914028
910 _aYLockward
942 _2ddc
_cLF2
999 _c55746
_d55746